000 00466nam a2200169Ia 4500
005 20250310012330.0
008 240331s9999 xx 000 0 und d
020 _a9559547439
082 _bJAY
_a891
100 _aJayalath,K
245 0 _aGahanu lamayi
250 _a6th
260 _aNugegoda
_bSarasavi Bookshop
_c1977
300 _a366 p .,
500 _aStory of a young girl. Facing Challenges of her life & Sacrificing her happiness for others
942 _cL
999 _c4790
_d4790